[Event "ch-FIN 2013"]
[Site "Mantta FIN"]
[Date "2013.06.17"]
[Round "8.2"]
[White "Maki Uuro,Mi"]
[Black "Niemi,K"]
[Result "1/2-1/2"]
[WhiteElo "2336"]
[BlackElo "2314"]

1.Nf3 d5 2.c4 c6 3.g3 Nf6 4.Bg2 Bf5 5.b3 h6 6.O-O e6 7.Bb2 Be7 8.d3 O-O 9.Nbd2 Nbd7
10.a3 a5 11.Qc2 Bh7 12.Bc3 Bd6 13.Qb2 Qe7 14.cxd5 cxd5 15.e4 e5 16.d4 Nxe4
17.dxe5 Nxc3 18.exd6 Ne2+ 19.Kh1 Qxd6 20.Rfe1 Rfe8 21.Nf1 Bd3 22.Rad1 Nc5
23.Rd2 Qa6 24.Ne3 Rad8 25.b4 Ne4 26.Rdxe2 Bxe2 27.Rxe2 d4 28.Nf5 Qxe2 29.Qxe2 Nxg3+
30.Nxg3 Rxe2 31.Nxe2 d3 32.Nf4 d2 33.Nxd2 Rxd2 34.Bxb7 axb4 35.axb4 Rxf2
36.Nd5 Rb2 37.Bc6 f5 38.Ne7+ Kf7 39.Nxf5  1/2-1/2

[Event "16th Heraklion Open A 2013"]
[Site "Athens GRE"]
[Date "2013.06.19"]
[Round "4.4"]
[White "Zygouris,H"]
[Black "Ignatiadis,K"]
[Result "0-1"]
[WhiteElo "2219"]
[BlackElo "2089"]

1.Nf3 d5 2.c4 d4 3.b4 f6 4.e3 dxe3 5.fxe3 Bg4 6.Be2 Nh6 7.O-O Qd7 8.d4 e6
9.c5 Be7 10.Nc3 O-O 11.Qb3 Kh8 12.Bc4 Nc6 13.h3 Bxf3 14.Rxf3 Nd8 15.Bb2 Nhf7
16.Rd1 c6 17.a4 Qc7 18.h4 Nh6 19.Bxe6 Nxe6 20.Qxe6 Rfe8 21.Qh3 b6 22.Ba3 Rad8
23.e4 a5 24.Rfd3 axb4 25.Bxb4 bxc5 26.Bxc5 Bxc5 27.dxc5 Rxd3 28.Qxd3 Qe5
29.Qd7 Qxc5+ 30.Kh1 Rg8 31.Rd3 Qh5 32.Qh3 Ng4 33.Rf3 Ne5 34.Rf1 Qf7 35.Qe3 Qc4
36.Rd1 h6 37.Qd4 Qe6 38.Qe3 Ra8 39.Ra1 Qg4 40.Qh3 Qf4 41.a5 Ng4 42.Kg1 h5
43.Rf1 Qc7 44.Rf5 g6 45.Rc5 Rxa5 46.Rxa5 Qxa5 47.Qf3 Qa1+  0-1

[Event "8th Teplice Open 2013"]
[Site "Teplice CZE"]
[Date "2013.06.19"]
[Round "5.6"]
[White "Kanovsky,D"]
[Black "Stachowiak,K"]
[Result "1/2-1/2"]
[WhiteElo "2385"]
[BlackElo "2474"]

1.Nf3 d5 2.c4 e6 3.b3 Nf6 4.Bb2 Bd6 5.g3 O-O 6.Bg2 Nbd7 7.O-O c6 8.Nc3 Qe7
9.d3 Ba3 10.Bxa3 Qxa3 11.Qc2 Re8 12.Rfe1 a5 13.cxd5 Nxd5 14.Nd2 N7b6 15.Ncb1 Qe7
16.a3 e5 17.Ne4 f6 18.Nbd2 Be6 19.Rec1 Red8 20.Nc5 Bc8 21.Qb2 Nd7 22.Nce4 N7b6
23.Rc2 Nc7 24.Nc4 Nbd5 25.Rac1 Nb5 26.Rd2 Be6 27.a4 Nbc7 28.d4 exd4 29.Rxd4 f5
30.Ned2 Bf7 31.Nf3 Qf6  1/2-1/2

[Event "8th Teplice Open 2013"]
[Site "Teplice CZE"]
[Date "2013.06.20"]
[Round "6.45"]
[White "Rasmussen,He2"]
[Black "Vales,V"]
[Result "1/2-1/2"]
[WhiteElo "1812"]
[BlackElo "2176"]

1.Nf3 d5 2.c4 c6 3.cxd5 cxd5 4.d4 Nf6 5.Nc3 Nc6 6.Bf4 e6 7.a3 Be7 8.e3 O-O
9.Ne5 Nd7 10.Nxd7 Bxd7 11.Bd3 f5 12.Bg3 Rc8 13.O-O Na5 14.Rc1 Nc4 15.Bxc4 Rxc4
16.Qd2 b5 17.Nb1 Qb6 18.b3 Rcc8 19.Rxc8 Rxc8 20.Rc1 Bc6 21.Be5 b4 22.a4 Qa6
23.h3 Kf7 24.Qd1 g6 25.Kh2 Ke8 26.Qd2 Kd7 27.Qd1 Qb6 28.Rc2 Bb7 29.Rxc8 Bxc8
30.Qc2 Ba6 31.Nd2 Qc6 32.Qxc6+ Kxc6 33.Kg3 Bd3 34.f3 Kb6 35.Kf2 Bd8 36.g3 Ka5
37.Bb8 Bb6 38.Bd6 Bd8 39.f4 Bc2 40.Ke2 Bb6 41.Be7 Bc7 42.Bc5 Bb6  1/2-1/2

[Event "17th Voronezh Master Open"]
[Site "Voronezh RUS"]
[Date "2013.06.20"]
[Round "8.9"]
[White "Pavlov,S2"]
[Black "Rychagov,A"]
[Result "1/2-1/2"]
[WhiteElo "2472"]
[BlackElo "2561"]

1.Nf3 d5 2.c4 c6 3.d4 Nf6 4.Nc3 a6 5.e3 e6 6.Qc2 c5 7.cxd5 exd5 8.Be2 Be6
9.O-O Nc6 10.Rd1 cxd4 11.Nxd4 Bd6 12.e4 Nxd4 13.Rxd4 Be5 14.Rd1 d4 15.f4 Qb6
16.Na4 Qa7 17.Qc5 Qxc5 18.Nxc5 Bc7 19.Rxd4 Bb6 20.b4 Nd7 21.Ba3 a5 22.Bb5 axb4
23.Bxb4 O-O-O 24.Rc1 Nxc5 25.Bxc5 Bxc5 26.Rxc5+ Kb8 27.Rb4 Rc8 28.Rxc8+ Rxc8
29.Rb2 Rc3 30.f5 Bc4 31.Bxc4 Rxc4 32.Re2 Kc7 33.Kf2 Rc3 34.Re3 Rc2+ 35.Re2 Rc3
36.e5 Kd7 37.Rb2 Kc6 38.e6 Rc5 39.g4 fxe6 40.fxe6 Re5 41.Re2 Rxe2+ 42.Kxe2 Kd6
43.Kd3 Kxe6 44.Kc4 Kd6 45.Kb5 Kc7 46.Kc5 Kd7 47.h4 Kc7 48.g5 Kd7 49.Kd5 Ke7
50.Ke5 Kd7 51.Kd5 Ke7 52.h5 Kd7 53.a4 Ke7 54.Ke5 Kd7 55.Kd5 Ke7 56.Ke5 Kd7
57.Kf5 Kd6 58.h6 g6+ 59.Kf6 b6 60.Kg7 Ke7 61.Kxh7  1/2-1/2

[Event "6th Karen Asrian Mem"]
[Site "Jermuk ARM"]
[Date "2013.06.21"]
[Round "6.10"]
[White "Khomeriki,N"]
[Black "Kotanjian,T"]
[Result "1-0"]
[WhiteElo "2066"]
[BlackElo "2529"]

1.Nf3 d5 2.c4 e6 3.b3 Nf6 4.Bb2 c5 5.e3 Nc6 6.a3 Be7 7.d4 cxd4 8.exd4 dxc4
9.bxc4 O-O 10.Bd3 Nh5 11.O-O Nf4 12.Be4 Bf6 13.Re1 Qb6 14.Bc3 Rd8 15.Qc1 Ng6
16.d5 Na5 17.Nbd2 exd5 18.Rb1 Qa6 19.Bxd5 Bxc3 20.Qxc3 Bf5 21.Rb5 Nc6 22.Bxc6 Rd3
23.Qb4 Qxc6 24.Rxf5 Rad8 25.Ne5 Qe6 26.Nxd3 Qxf5 27.Nc5 a5 28.Qxa5 b6 29.Qxb6 Rxd2
30.Nb3 Qe5 31.Nxd2 Qxe1+ 32.Nf1 h5 33.Qe3 Qd1 34.c5 Qd5 35.f3 Nh4 36.Qe8+ Kh7
37.Qe4+ Qxe4 38.fxe4 Ng6 39.Kf2 Ne5 40.Ke3 Nc4+ 41.Kd4 Nxa3 42.c6 Nb5+ 43.Kc5 Na7
44.Kb6 Nc8+ 45.Kc7 Na7 46.Kb7 Nb5 47.c7 Nxc7 48.Kxc7 Kg6 49.e5  1-0

[Event "8th Teplice Open 2013"]
[Site "Teplice CZE"]
[Date "2013.06.21"]
[Round "7.74"]
[White "Safr,J2"]
[Black "Huba,Mark J"]
[Result "0-1"]
[WhiteElo "1583"]
[BlackElo "1779"]

1.Nf3 d5 2.c4 c6 3.g3 Bg4 4.Bg2 Nf6 5.O-O Nbd7 6.b3 e6 7.Bb2 Be7 8.d3 O-O
9.Nbd2 Qc7 10.Qc2 Rfe8 11.Rfe1 Rac8 12.Rac1 a6 13.cxd5 exd5 14.Qc3 Rf8 15.e4 Bxf3
16.Bxf3 dxe4 17.Rxe4 Nb6 18.Rce1 Nbd5 19.Qc1 Nxe4 20.Rxe4 Nb4 21.Bxg7 Kxg7
22.Rg4+ Kh8 23.Ne4 Nd5 24.Qh6 Rg8 25.Ng5 Bxg5 26.Rxg5 Rxg5 27.Qxg5 f6  0-1

[Event "7th Varna Open 2013"]
[Site "Varna BUL"]
[Date "2013.06.21"]
[Round "3.15"]
[White "Sagar,S"]
[Black "Raghavi,N"]
[Result "1-0"]
[WhiteElo "2359"]
[BlackElo "2113"]

1.Nf3 d5 2.c4 e6 3.g3 Nf6 4.Bg2 Be7 5.O-O O-O 6.d4 dxc4 7.Qc2 a6 8.Qxc4 b5
9.Qc2 Bb7 10.Bg5 Nbd7 11.Bxf6 Nxf6 12.Nbd2 Rc8 13.Nb3 Be4 14.Qc1 c5 15.dxc5 Qc7
16.Rd1 Bd5 17.Nfd4 Bxc5 18.Nxc5 Qxc5 19.Qxc5 Rxc5 20.Bxd5 Nxd5 21.Rac1 Rfc8
22.Rxc5 Rxc5 23.e4 Nb6 24.Nxb5 Kf8 25.Nc3 Nc4 26.Na4 Ra5 27.b3 Ke7 28.Rc1 Nd2
29.Rc7+ Ke8 30.Nc3 Re5 31.f4 Ra5 32.Kf2 f5 33.exf5 exf5 34.Ke3 Nf1+ 35.Ke2 Nxh2
36.a4 Kd8 37.Rc4  1-0

[Event "7th Varna Open 2013"]
[Site "Varna BUL"]
[Date "2013.06.21"]
[Round "3.14"]
[White "Vachev,V"]
[Black "Molina,Rob"]
[Result "1/2-1/2"]
[WhiteElo "2155"]
[BlackElo "2423"]

1.Nf3 d5 2.c4 c6 3.e3 Nf6 4.Nc3 g6 5.d4 Bg7 6.Bd2 O-O 7.Qb3 b6 8.cxd5 cxd5
9.Rc1 e6 10.Be2 Bb7 11.O-O Nc6 12.Rfd1 Rc8 13.Be1 Qd6 14.a3 Rfd8 15.h3 Qb8
16.Bf1 Na5 17.Qa2 Nc4 18.b3 Nd6 19.Ne5 Nfe8 20.a4 Nf5 21.Nf3 Ned6 22.Qb1 Bh6
23.Bd2 Ne4 24.Nxe4 dxe4 25.Ne5 f6 26.Ng4 Bg7 27.Rxc8 Rxc8 28.Rc1 h5 29.Nh2 Bh6
30.Qb2 Kf7 31.Bc4 Ne7 32.Nf1 Nd5 33.Bb5 f5 34.Rxc8 Qxc8 35.g3 h4 36.Bc4 hxg3
37.fxg3 Qb8 38.Qc1 Bf8 39.Qe1 Bd6 40.Qf2 Qc7 41.g4 Kg7 42.gxf5 exf5 43.Be1 Be7
44.Qg3 Qd8 45.Qe5+ Bf6 46.Qe6 a6 47.Bg3 b5 48.axb5 axb5 49.Bxb5 Bc8 50.Qd6 Qxd6
51.Bxd6 f4 52.exf4 Bxd4+ 53.Kg2 Kf6 54.Bc4 Bb7 55.Kg3 Ne7 56.Bxe7+ Kxe7 57.Nh2 e3
58.Bd3 Kf6 59.Ng4+ Kg7 60.Ne5 Bc3 61.h4 Bd5 62.Nxg6 e2 63.Bxe2 Be1+ 64.Kg4 Kxg6
65.Bc4 Be4 66.h5+ Kf6 67.Bg8 Kg7 68.Bc4 Bb4 69.f5 Bd2 70.Be6 Kf6 71.Bc8 Bc2
72.Kf3 Bxb3 73.Bb7 Kxf5 74.Kg2 Kg4 75.Bf3+ Kh4 76.Ba8 Kxh5  1/2-1/2

[Event "TCh-SUI 2013"]
[Site "Switzerland SUI"]
[Date "2013.06.22"]
[Round "4.6"]
[White "Gloor,R"]
[Black "Sermier,G"]
[Result "1/2-1/2"]
[WhiteElo "2340"]
[BlackElo "2427"]

1.Nf3 d5 2.c4 c6 3.e3 Nf6 4.Nc3 g6 5.d4 Bg7 6.Be2 O-O 7.O-O a6 8.b3 Ne4 9.Bb2 Nxc3
10.Bxc3 Bg4 11.h3 Bxf3 12.Bxf3 e6 13.Qd2 Nd7 14.a4 f5 15.Bb4 Rf7 16.Bd6 Nf6
17.Be5 Ne4 18.Bxe4 fxe4 19.Bxg7 Kxg7 20.Qe2 Qh4 21.Qg4 Qxg4 22.hxg4 Raf8
23.Ra2 h5 24.gxh5 gxh5 25.Rc2 Kg6 26.b4 Kf6 27.b5 axb5 28.axb5 cxb5 29.cxd5 exd5
30.Rb1 Rd8 31.Rxb5 Rdd7 32.Rc8 Kg7 33.Re8 Rf5 34.Rb8 Rff7 35.Re8 Rf5 36.Rb8 Rff7
37.Rc8 Kh7 38.Rc2 Rg7 39.Kh2 Rg5 40.f3 exf3 41.gxf3 h4 42.Rg2 Rxg2+ 43.Kxg2 Kg6
44.Kh3 Re7 45.Kg4 Rxe3 46.Rb6+ Kf7 47.Rxb7+ Ke6 48.Rb6+ Ke7 49.Kf4 Rd3 50.Ke5 Rxf3
51.Rh6 h3 52.Rh7+ Kd8 53.Kxd5 Ra3 54.Ke5 Rb3 55.Kd6 Rb6+ 56.Kc5 Rg6 57.Rxh3 Kd7
58.Rh7+ Kd8 59.Rf7 Rh6 60.Rg7 Rf6 61.Kd5 Rh6 62.Rf7 Rg6 63.Ke5 Rh6 64.Kd5 Ra6
65.Rf5 Ra5+ 66.Ke6  1/2-1/2

[Event "III Marcel Duchamp Boca Jun Op"]
[Site "Buenos Aires ARG"]
[Date "2013.06.24"]
[Round "4.27"]
[White "Vazquez,M"]
[Black "Galleto,Ricardo"]
[Result "1-0"]
[WhiteElo "2170"]
[BlackElo "2014"]

1.Nf3 d5 2.c4 d4 3.e3 Nc6 4.b4 Bg4 5.d3 e5 6.b5 Bb4+ 7.Nbd2 Nce7 8.h3 Bxf3
9.Qxf3 Nf6 10.Be2 e4 11.dxe4 d3 12.Bd1 Bc3 13.Rb1 Ng6 14.O-O Be5 15.g3 Qe7
16.Rb3 O-O-O 17.Qg2 Nd7 18.f4 Bd6 19.Rxd3 Nc5 20.Rc3 f6 21.a4 h5 22.a5 Nf8
23.a6 Nfd7 24.axb7+ Kb8 25.Nf3 Qxe4 26.Bc2 Qxb7 27.Bb2 Rde8 28.Ra1 Nb6 29.Bg6 Re7
30.Nd4 Qxg2+ 31.Kxg2 Nca4 32.Nc6+ Kb7 33.c5 Bxc5 34.Rxc5 Rxe3 35.Na5+ Ka8
36.Rc2 h4 37.Kf2 Rxg3 38.Be4+ Kb8 39.Nc6+ Kb7 40.Bd4 Re8 41.Bh1 Rxh3 42.Bg2 Rh2
43.Nxa7+ Kxa7 44.Rxa4+ Kb8 45.Bxb6 Rh3 46.Ra8+  1-0

[Event "TCh-MNE Prem 2013"]
[Site "Cetinje MNE"]
[Date "2013.06.25"]
[Round "2.2"]
[White "Arsovic,Z"]
[Black "Savic,Miod1"]
[Result "0-1"]
[WhiteElo "2433"]
[BlackElo "2529"]

1.Nf3 d5 2.c4 e6 3.g3 Nf6 4.Bg2 Be7 5.O-O O-O 6.d4 c6 7.Qc2 b6 8.Rd1 Bb7
9.b3 Na6 10.e3 Rc8 11.Bb2 Qc7 12.Nc3 c5 13.Qe2 dxc4 14.Nb5 Qb8 15.bxc4 Qa8
16.d5 exd5 17.Nh4 d4 18.exd4 Bxg2 19.Nxg2 Ne4 20.d5 Bf6 21.Bxf6 Nxf6 22.Ne3 Nc7
23.Nc3 Rcd8 24.Nf5 Rfe8 25.Qf3 Rd7 26.Qf4 Qd8 27.a4 g6 28.Nh6+ Kg7 29.Ng4 Nxg4
30.Qxg4 Re5 31.Kg2 Ne8 32.Re1 Rf5 33.Qe2 Nd6 34.Ne4 Nxe4 35.Qxe4 Qf6 36.Ra2 h5
37.Qe8 Qc3 38.Rae2 Rd6 39.Qe4 Rdf6 40.h4 Qb4 41.Ra1 Rxf2+ 42.Rxf2 Rxf2+ 43.Kxf2 Qb2+
44.Qe2 Qxa1 45.Qe8 Qa2+ 46.Kg1 Qb1+ 47.Kg2 Qc2+ 48.Kh3 Qf5+ 49.Kg2 Qf6 50.Qc6 Qb2+
51.Kh3 Qb1 52.d6 Kf6 53.Kg2 Qc2+ 54.Kh1 Qd1+ 55.Kh2 Qe2+ 56.Kh3 Qe6+ 57.Kh2 Ke5
58.Qc7 Qxd6 59.Qxf7 Kd4 60.Kg2 a5 61.Kh2 Kc3 62.Kg2 Kb4 63.Qd5 Qf6 64.Qd3 Kxa4
65.Qb1 Ka3 66.Kh1 a4 67.Qd3+ Kb4  0-1

[Event "3rd Big Slick IM"]
[Site "Purley ENG"]
[Date "2013.06.25"]
[Round "4"]
[White "McClement,A"]
[Black "Olsarova,T"]
[Result "1-0"]
[WhiteElo "2169"]
[BlackElo "2203"]

1.Nf3 d5 2.c4 e6 3.g3 Nf6 4.d4 c6 5.Bg2 Be7 6.O-O O-O 7.Nbd2 b6 8.b3 Bb7
9.Qc2 Nbd7 10.e4 dxe4 11.Nxe4 c5 12.Nxf6+ Bxf6 13.Bb2 cxd4 14.Nxd4 Bxg2 15.Kxg2 Qc7
16.Qe4 Nc5 17.Qf3 a6 18.Rad1 Rfe8 19.Rd2 e5 20.Qc6 Qxc6+ 21.Nxc6 Rac8 22.Nb4 b5
23.cxb5 axb5 24.Nd5 Bg5 25.f4 Bh6 26.Bxe5 f6 27.Ba1 Kf7 28.Kf3 Ne4 29.Re2 f5
30.Rd1 g5 31.Nb6 g4+ 32.Kg2 Rcd8 33.Rd7+ Rxd7 34.Nxd7 Rc8 35.h3 gxh3+ 36.Kxh3 Bg7
37.Bxg7 Kxg7 38.g4 fxg4+ 39.Kxg4 Nf6+ 40.Nxf6 Kxf6 41.Re5 b4 42.Rb5 Rg8+
43.Kf3 Ra8 44.Rxb4 Rxa2 45.Rb6+ Kf5 46.Rb5+ Kf6 47.b4 Rb2 48.Ke4 Re2+ 49.Kd4 Rf2
50.Rb6+ Kf5 51.Rh6 Rxf4+ 52.Kc5 Rg4 53.Rxh7 Ke6 54.b5 Rg1 55.Rc7 Rb1 56.Kc6 Rc1+
57.Kb7 Rb1 58.b6  1-0

[Event "7th Varna Open 2013"]
[Site "Varna BUL"]
[Date "2013.06.25"]
[Round "7.6"]
[White "Mareco,S"]
[Black "Abdalla,L"]
[Result "1-0"]
[WhiteElo "2557"]
[BlackElo "2288"]

1.Nf3 d5 2.c4 c6 3.g3 Nf6 4.Bg2 Bf5 5.cxd5 cxd5 6.Qb3 Bc8 7.O-O Nc6 8.d4 e6
9.Nc3 Be7 10.Bf4 Nh5 11.Bd2 Nf6 12.Bf4 Nh5 13.Be3 Nf6 14.Ne5 Nd7 15.f4 O-O
16.Bf2 f5 17.Nxd5 exd5 18.Qxd5+ Kh8 19.Nf7+ Rxf7 20.Qxf7 Nf6 21.d5 Nb4 22.a3 Na6
23.d6 Qxd6 24.Rfd1  1-0

[Event "III Marcel Duchamp Boca Jun Op"]
[Site "Buenos Aires ARG"]
[Date "2013.06.26"]
[Round "6.19"]
[White "Vazquez,M"]
[Black "Benedetti,A"]
[Result "0-1"]
[WhiteElo "2170"]
[BlackElo "1957"]

1.Nf3 d5 2.c4 e6 3.e3 Nf6 4.d4 Be7 5.b3 O-O 6.Bd3 c5 7.O-O Nc6 8.Nc3 b6 9.Bb2 Bb7
10.Qe2 Nb4 11.Bb1 Rc8 12.dxc5 dxc4 13.Rd1 Qc7 14.bxc4 Qxc5 15.a3 Na6 16.e4 Rfd8
17.Rxd8+ Rxd8 18.e5 Ng4 19.Ne4 Qc7 20.h3 Nh6 21.Nfg5 Nc5 22.Qh5 Nxe4 23.Nxe4 Bxe4
24.Bxe4 Qxc4 25.Qf3 Bc5 26.Bc1 Qd4 27.Rb1 Qxf2+ 28.Kh2 Qg1+ 29.Kg3 Qe1+ 30.Kf4 Qh4+  0-1

[Event "III Marcel Duchamp Boca Jun Op"]
[Site "Buenos Aires ARG"]
[Date "2013.06.27"]
[Round "7.23"]
[White "Flores,N"]
[Black "Fiori,H"]
[Result "0-1"]
[WhiteElo "1933"]
[BlackElo "2152"]

1.Nf3 d5 2.c4 c6 3.b3 Bf5 4.Bb2 e6 5.g3 Nf6 6.Bg2 a5 7.O-O a4 8.cxd5 a3 9.Bc1 cxd5
10.Nd4 Bg6 11.d3 Bc5 12.Nc2 Qe7 13.Bd2 Nc6 14.Qe1 Bh5 15.Nc3 O-O 16.Nb5 Rfc8
17.b4 Bb6 18.Ncxa3 Nd4 19.Nxd4 Bxd4 20.Rc1 Rxc1 21.Bxc1 Bb6 22.Qd2 Ra4 23.Qc2 Qxb4
24.Bb2 Ra8 25.e3 h6 26.Rb1 Qc5 27.Qb3 Nd7 28.Nc2 Rc8 29.Ne1 Qa5 30.Ba1 Qd2
31.Bb2 Bg6 32.Rd1 Qa5 33.Nf3 Nc5 34.Qc2 Qa4 35.Qb1 Na6 36.Ne5 Bh5 37.Bf3 Bxf3
38.Nxf3 Qc2 39.Qa1 Qe2 40.Ne1 f6 41.d4 Nb4 42.Rc1 Rc4 43.a3 Nc6 44.Bc3 Ba5
45.Kg2 h5 46.Rc2 Bxc3 47.Rxc3 Na5 48.Nf3 b5 49.h4 Kf7 50.Rc1 Nb3 51.Re1 Nxa1
52.Rxe2 Nc2 53.Nd2 Nxa3 54.Nxc4 dxc4 55.Kf1 c3 56.Re1 b4 57.Ke2 b3 58.Kd3 Nb5
59.f3 Ke7 60.g4 g6 61.gxh5 gxh5 62.Rb1 b2 63.Rg1 Kd6 64.Kc2 Kd5 65.Kb3 f5
66.Re1 f4 67.exf4 Kxd4 68.Ka2 Kd3 69.Rxe6 Kc2 70.Re1 Nd4 71.Rf1 Nb3 72.f5 Nc1+
73.Ka3 b1=Q  0-1

[Event "TCh-MNE Prem 2013"]
[Site "Cetinje MNE"]
[Date "2013.06.27"]
[Round "4.2"]
[White "Arsovic,Z"]
[Black "Blagojevic,Dr"]
[Result "1/2-1/2"]
[WhiteElo "2433"]
[BlackElo "2524"]

1.Nf3 d5 2.c4 e6 3.g3 dxc4 4.Qa4+ c6 5.Qxc4 b5 6.Qc2 Bb7 7.Bg2 Nd7 8.Nc3 a6
9.a4 Ngf6 10.O-O Rc8 11.Rd1 b4  1/2-1/2

[Event "TCh-MNE Prem 2013"]
[Site "Cetinje MNE"]
[Date "2013.06.27"]
[Round "4.6"]
[White "Aleksic,Nen2"]
[Black "Lutovac,M"]
[Result "1/2-1/2"]
[WhiteElo "2283"]
[BlackElo "2202"]

1.Nf3 d5 2.c4 c6 3.cxd5 cxd5 4.d4 Nc6 5.Nc3 Nf6 6.Bf4 e6 7.e3 a6 8.Bd3 Nh5
9.Be5 Bd6 10.O-O Nf6 11.Rc1 O-O 12.a3 Bxe5 13.Nxe5 Nxe5 14.dxe5 Nd7 15.f4 g6
16.b4 b5 17.Ne2 Bb7 18.Nd4 Re8 19.a4 bxa4 20.Qxa4 Re7 21.Qa5 Nb6 22.Rc5 Nc4
23.Bxc4 dxc4 24.Qxd8+ Rxd8 25.Rxc4 Bd5 26.Rc6 Rb7  1/2-1/2

[Event "9th Prague Festival IM"]
[Site "Prague CZE"]
[Date "2013.06.27"]
[Round "6.3"]
[White "Rous,D"]
[Black "Cech,P"]
[Result "0-1"]
[WhiteElo "2034"]
[BlackElo "2405"]

1.Nf3 d5 2.c4 c6 3.d4 Nf6 4.Nc3 dxc4 5.a4 Bf5 6.e3 e6 7.Bxc4 Bb4 8.O-O O-O
9.h3 h6 10.Qb3 c5 11.Rd1 Nc6 12.dxc5 Qe7 13.Nd4 Qxc5 14.Nxc6 bxc6 15.Bd2 Rab8
16.Qa2 Rfd8 17.Be1 Qe5 18.Rxd8+ Rxd8 19.Bf1 Rb8 20.g3 Ne4 21.Rc1 Nxg3 22.Bg2 Bd6
23.Rd1 Nh5 24.Kf1 Qh2 25.Bxc6 Ng3+  0-1

[Event "Visma GM 2013"]
[Site "Vaxjo SWE"]
[Date "2013.06.27"]
[Round "2.2"]
[White "Nithander,V"]
[Black "Hector,J"]
[Result "0-1"]
[WhiteElo "2455"]
[BlackElo "2524"]

1.Nf3 d5 2.c4 d4 3.g3 Nc6 4.Bg2 e5 5.d3 Nf6 6.O-O Bd6 7.e3 O-O 8.a3 a5 9.Qc2 Nd7
10.exd4 exd4 11.Nbd2 a4 12.b4 axb3 13.Nxb3 Nc5 14.Nxc5 Bxc5 15.Nd2 Bf5 16.Nb3 Be7
17.Re1 Re8 18.Bb2 Qd7 19.Re2 Bf8 20.Rae1 Red8 21.Qd2 h6 22.Bd5 Bg6 23.Qf4 Bxd3
24.Rd2 Bg6 25.Nxd4 Bd6 26.Qf3 Ne5 27.Qc3 c6 28.Bg2 f6 29.c5 Bc7 30.f4 Ba5
31.Qxa5 Rxa5 32.fxe5 fxe5 33.Nb3 Qc8 34.Bh3 Qa8 35.Rf2 Rxa3 36.Be6+ Kh7 37.Bxe5 Ra2
38.Rf4 Rf8 39.Nd4 Ra1 40.Rxa1 Qxa1+ 41.Kf2 Qb2+ 42.Ke3 Qc3+  0-1

[Event "66th ch-RUS HL"]
[Site "Yekaterinburg RUS"]
[Date "2013.06.28"]
[Round "8.16"]
[White "Artemiev,V"]
[Black "Vokarev,S"]
[Result "1-0"]
[WhiteElo "2524"]
[BlackElo "2472"]

1.Nf3 d5 2.c4 c6 3.e3 Nf6 4.Nc3 g6 5.d4 Bg7 6.Bd3 O-O 7.O-O Bg4 8.h3 Bxf3
9.Qxf3 e6 10.Rd1 Nbd7 11.Bd2 Re8 12.Rac1 Qe7 13.Qe2 a6 14.Be1 Rac8 15.a3 e5
16.dxe5 Nxe5 17.cxd5 Nxd5 18.Nxd5 cxd5 19.Rxc8 Rxc8 20.Bb1 Qe6 21.Bb4 h5
22.Ba2 Nc4 23.Qf3 a5 24.Be1 Bxb2 25.Rxd5 Bxa3 26.Rxa5 Bd6 27.Rb5 Ra8 28.Qe2 Rc8
29.Rxb7 Qe5 30.Qf3 Qh2+ 31.Kf1 Ne5 32.Bxf7+ Kf8 33.Qf6 Qh1+ 34.Ke2 Rc2+ 35.Bd2  1-0

[Event "2nd Arberopen 2013"]
[Site "Bayerisch Eisenstein GER"]
[Date "2013.06.29"]
[Round "1.8"]
[White "Blechzin,I"]
[Black "Closhen,I"]
[Result "1-0"]
[WhiteElo "2438"]
[BlackElo "1987"]

1.Nf3 d5 2.c4 d4 3.e3 c5 4.exd4 cxd4 5.d3 Nc6 6.g3 e5 7.Bg2 Be7 8.O-O Nf6
9.b4 Bg4 10.b5 Na5 11.Qa4 e4 12.Ne5 Be2 13.Re1 exd3 14.b6+ Nc6 15.Nxc6 Qd7
16.bxa7 Bc5 17.Qb5 b6 18.Ne5 Qxb5 19.cxb5 O-O 20.Bxa8 Rxa8 21.Nc6 Ne4 22.Nd2 Nc3
23.a4 Bd1 24.Rxd1 Nxd1 25.Ba3 Bxa3 26.Rxa3 Nc3 27.Nxd4  1-0

[Event "III Marcel Duchamp Boca Jun Op"]
[Site "Buenos Aires ARG"]
[Date "2013.06.29"]
[Round "9.43"]
[White "Lopez,Di"]
[Black "Escudero,Jose Maria"]
[Result "1-0"]
[WhiteElo "2133"]
[BlackElo "1680"]

1.Nf3 d5 2.c4 c6 3.e3 e6 4.b3 Bd6 5.Bb2 Nf6 6.g4 h6 7.Rg1 Nbd7 8.Qc2 e5 9.Be2 e4
10.Nd4 Bxh2 11.Rh1 Be5 12.Nc3 a6 13.cxd5 cxd5 14.g5 Ng8 15.Nxd5 Qxg5 16.Nc7+ Bxc7
17.Qxc7 Ngf6 18.Ba3 Nd5 19.Qc2 N7f6 20.O-O-O Qe5 21.d3 Bd7 22.Kb2 Rc8 23.Qd2 Nc3
24.Rc1 Nb5 25.Rxc8+ Bxc8 26.Rc1 Be6 27.Rc5 Nd5 28.dxe4 Qxe4 29.Nxb5 axb5
30.Bxb5+ Kd8 31.Qa5+ b6 32.Qa8+ Ke7 33.Rxd5+ Kf6 34.Be7+ Kg6 35.Rg5+  1-0

[Event "TCh-MNE Prem 2013"]
[Site "Cetinje MNE"]
[Date "2013.06.29"]
[Round "6.2"]
[White "Arsovic,Z"]
[Black "Jakovljevic,Vlado"]
[Result "1-0"]
[WhiteElo "2433"]
[BlackElo "2440"]

1.Nf3 d5 2.c4 c6 3.g3 Nf6 4.Bg2 g6 5.O-O Bg7 6.Qc2 O-O 7.d3 Re8 8.Bf4 Nh5
9.Be5 f6 10.Bc3 e5 11.cxd5 cxd5 12.Qb3 Kh8 13.Nfd2 d4 14.Bb4 Be6 15.Nc4 Nc6
16.a4 Rb8 17.Nbd2 Qd7 18.Bd6 Rbc8 19.Qb5 Bh6 20.Ba3 b6 21.Rfd1 Bf8 22.Bxf8 Rxf8
23.Rdc1 Nb8 24.Qxd7 Nxd7 25.b4 Rfd8 26.a5 Ng7 27.Nd6 Rxc1+ 28.Rxc1 bxa5 29.bxa5 Nb8
30.Nb5 a6 31.Nc7 Rc8 32.Bb7 Rd8 33.Ne4 f5 34.Nc5 Bc8 35.Bxa6 Nxa6 36.N5xa6 Bxa6
37.Nxa6 Ne8 38.Rb1 Kg7 39.Rb8 Rxb8 40.Nxb8 Nc7 41.Nc6 Kf6 42.f4 exf4 43.gxf4 Ke6
44.Nxd4+ Kd5 45.Nb3 Kc6 46.Kf2 Kb5 47.e4 fxe4 48.dxe4 Kb4 49.f5  1-0

[Event "Klatov Open A 2013"]
[Site "Klatovy CZE"]
[Date "2013.06.29"]
[Round "1.28"]
[White "Muk,I"]
[Black "Litvinova,O"]
[Result "1-0"]
[WhiteElo "2038"]
[BlackElo "1691"]

1.Nf3 d5 2.c4 c6 3.e3 Bf5 4.cxd5 Bxb1 5.Rxb1 Qxd5 6.Qc2 Nh6 7.b4 Nd7 8.d4 g6
9.e4 Qd6 10.e5 Qb8 11.b5 c5 12.e6 fxe6 13.dxc5 Bg7 14.Be2 O-O 15.O-O Ng4
16.g3 Rf5 17.c6 Qc8 18.Ba3 Nb6 19.Rbd1 Nd5 20.Rd3 bxc6 21.bxc6 Ne5 22.Nxe5 Rxe5
23.Bf3 Rb8 24.Rfd1 Qa6 25.c7 Rc8 26.Bxd5 exd5 27.Rxd5 Re2 28.Qb3 Be5 29.Ra5+  1-0

[Event "22nd Anderssen Mem Eliminacje"]
[Site "Wroclaw POL"]
[Date "2013.06.29"]
[Round "7"]
[White "Kubien,J"]
[Black "Grossmann,R"]
[Result "0-1"]
[WhiteElo "2204"]
[BlackElo "2171"]

1.Nf3 d5 2.c4 c6 3.Qc2 Nf6 4.g3 g6 5.Bg2 Bg7 6.O-O O-O 7.d3 Nbd7 8.cxd5 Nxd5
9.Nc3 Nb4 10.Qb3 a5 11.a3 Nc5 12.Qd1 Nd5 13.d4 Ne6 14.e4 Ndc7 15.Be3 Re8
16.Qd2 Nf8 17.Rfd1 Bg4 18.h3 Bxf3 19.Bxf3 Qd7 20.Bg2 e6 21.Na4 Qe7 22.Rac1 Nd7
23.Qc2 Rec8 24.Nc3 e5 25.d5 Ne8 26.dxc6 Rxc6 27.Nd5 Qe6 28.Qb3 Rxc1 29.Rxc1 a4
30.Qxb7 Rb8 31.Qa7 Rxb2 32.Qxa4 Bf8 33.Rc8 Kg7 34.Rd8 Nef6 35.Nxf6 Nxf6 36.Qa8 Be7
37.Rd1 Ra2 38.a4 Qb3 39.Rc1 Rxa4 40.Qc6 Qa3 41.Kh2 Ra6 42.Qb7 Ra8 43.Rc7 Ng8
44.Bc5 Qa2 45.Bxe7 Re8 46.Bc5 h5 47.Qd5 Qc4 48.Qxc4  0-1

[Event "66th ch-RUS HL"]
[Site "Yekaterinburg RUS"]
[Date "2013.06.29"]
[Round "9.16"]
[White "Gordievsky,D"]
[Black "Oparin,G"]
[Result "0-1"]
[WhiteElo "2474"]
[BlackElo "2497"]

1.Nf3 d5 2.c4 e6 3.d4 Nf6 4.Nc3 Be7 5.Bg5 h6 6.Bxf6 Bxf6 7.e3 O-O 8.Qc2 Nc6
9.Rd1 Qe7 10.a3 Rd8 11.Bd3 g6 12.O-O Bg7 13.b4 a6 14.h3 dxc4 15.Bxc4 Bd7
16.e4 Na7 17.d5 Nb5 18.dxe6 Bxe6 19.Nxb5 Bxc4 20.Qxc4 axb5 21.Rxd8+ Rxd8
22.Qxb5 Qxe4 23.Re1 Qc6 24.Qxc6 bxc6 25.Re3 c5 26.bxc5 Rd5 27.Re8+ Bf8 28.Ra8 Rxc5
29.a4 Rc1+ 30.Kh2 Kg7 31.Nd4 Rc4 32.Nb3 Rc2 33.a5 Rxf2 34.Kg3 Ra2 35.Nd4 c5
36.Nc6 c4 37.Nd4 c3 38.Rc8 Bb4 39.Rc4 Bxa5 40.Nb3 Bb6 41.Rxc3 Bf2+ 42.Kf3 Be1
43.Rc1 Rf2+ 44.Kg3 Rf1+ 45.Kh2 h5 46.g3 Rf2+ 47.Kg1 Rf3 48.Nd4 Rxg3+ 49.Kh2 Re3
50.Kg2 Bh4 51.Rc2 Rg3+ 52.Kh2 Rd3 53.Ne2 Bf6 54.Kg2 Be5 55.Rc5 f6 56.Ra5 g5
57.Ra7+ Kg6 58.Ra8 Kf5 59.Ra4 Re3 60.Ra2 h4 61.Rc2 Kg6 62.Ra2 f5 63.Rc2 g4
64.hxg4 fxg4 65.Ng1 h3+ 66.Kh1 Kf5 67.Re2 h2 68.Rf2+ Kg5 69.Ne2 g3 70.Nxg3 Bxg3
71.Rf1 Kg4 72.Rb1 Bf4 73.Rf1 Re8 74.Rb1 Rc8 75.Rf1 Rd8 76.Rb1 Be3 77.Kg2 Rh8
78.Rb4+ Kf5 79.Kh1 Bf4 80.Rb5+ Be5 81.Rb1 Rg8 82.Rf1+ Bf4 83.Re1 Rc8 84.Rb1 Ke4
85.Re1+ Be3 86.Rf1 Rh8 87.Rf7 Bf4 88.Re7+ Be5 89.Rf7 Rg8 90.Rf1 Bf4 91.Re1+ Be3
92.Re2 Rc8 93.Rxh2 Rc1+ 94.Kg2 Rg1+ 95.Kh3 Kf3 96.Rb2 Ra1 97.Rg2 Rh1+ 98.Rh2 Rg1
99.Rb2 Rg6 100.Rb4 Rg7 101.Ra4 Bc1 102.Rb4 Bd2 103.Rb3+ Be3 104.Rb4 Rg3+
105.Kh4 Rg8 106.Kh5 Rg5+ 107.Kh4 Rg6 108.Kh3 Rg8 109.Ra4 Rg1 110.Ra2 Bc1
111.Rc2 Bf4 112.Rc3+ Be3 113.Rc2 Rg3+ 114.Kh2 Rg8 115.Kh1 Ra8 116.Ra2 Rd8  0-1

[Event "IsBank TCh-TUR 2013"]
[Site "Denizli TUR"]
[Date "2013.06.30"]
[Round "2.9"]
[White "Gokerkan,Cem Kaan"]
[Black "Guven,B"]
[Result "0-1"]
[WhiteElo "1888"]
[BlackElo "2115"]

1.Nf3 d5 2.c4 c6 3.d4 Nf6 4.Qc2 dxc4 5.Qxc4 Bf5 6.g3 e6 7.Bg2 Nbd7 8.O-O Be7
9.Nc3 O-O 10.Re1 Ne4 11.Qb3 Qb6 12.Qxb6 axb6 13.Nh4 Bxh4 14.gxh4 Nef6 15.e4 Bg6
16.Bf4 Rfe8 17.Bd6 b5 18.Rad1 e5 19.d5 Nh5 20.Bh3 Ndf6 21.f3 Nf4 22.Bf1 Nd7
23.a3 Rac8 24.Ne2 Nh5 25.Nc1 Ra8 26.Nb3 Nf4 27.Bb4 cxd5 28.Bxb5 Nf6 29.Bxe8 Rxe8
30.Nc5 Nh3+ 31.Kg2 Nf4+ 32.Kg1 Nh3+ 33.Kg2 Nf4+ 34.Kf1 Bh5 35.Re3 b6 36.Nb7 dxe4
37.Rd8 Rxd8 38.Nxd8 Bxf3 39.Nc6 N6d5 40.Ne7+ Nxe7 41.Bxe7 Nd5 42.Rb3 Nxe7
43.Rxb6 f6 44.a4 e3 45.a5 Nd5 46.Rb3 e2+ 47.Ke1 e4 48.a6 Nf4 49.Rb8+ Kf7
50.Rb7+ Kg6 51.h5+ Kxh5  0-1